Statistiques concernant footballeur en A

Cliquez ici pour prendre le quiz!

Statistiques générales

  • Ce quiz a été pris 31 fois
  • Le résultat moyen est 4 sur 52

Statistiques - réponses

Réponse% Correct
alaba
32%
abidal
32%
anelka
29%
alba
25%
aubameyang
25%
alonso
21%
areola
21%
alli
18%
alvarez
18%
arthur
18%
adebayor
14%
aguero
14%
alexander arnold
14%
alisson
14%
alves
14%
antony
14%
araujo
14%
alcantara
11%
andré
11%
asensio
11%
aboubakar
7%
adriano
7%
ayew
7%
azpilicueta
7%
abraham
4%
acuna
4%
akanji
4%
aké
4%
allan
4%
amoros
4%
amrabat
4%
aouar
4%
atal
4%
aurier
4%
abdenour
0%
adams
0%
adeyemi
0%
aduriz
0%
albertini
0%
aldair
0%
alderweireld
0%
alemao
0%
allofs
0%
alpay
0%
alvares
0%
alvaro
0%
amalfitano
0%
amavi
0%
anguissa
0%
arnautovic
0%
asamoah
0%
augenthaler
0%

Distribution des résultats

Percentile par nombre de réponses

% des personnes avec chaque résultat

Votre développement - résultats

Vous n’avez pas pris ce quiz